[Event "GER-chT U12 Girls"]
[Site "Magdeburg"]
[Date "2023.12.30"]
[Round "7.3"]
[White "Burchardi, Helena"]
[Black "Daaboul, Dima"]
[Result "1-0"]
[WhiteElo "1370"]
[BlackElo "1184"]
[PlyCount "89"]
[EventDate "2023.12.26"]
[EventType "team-swiss"]
[EventRounds "7"]
[EventCountry "GER"]
[SourceTitle "CB03_2024"]
[SourceDate "2024.01.17"]
[SourceVersion "1"]
[SourceVersionDate "2024.01.17"]
[SourceQuality "1"]
[WhiteTeam "Weisse Dame"]
[BlackTeam "Porz SG"]
[WhiteTeamCountry "GER"]
[BlackTeamCountry "GER"]

1. e4 d5 2. exd5 Qxd5 3. Nc3 Qd8 4. d4 Nf6 5. Nf3 c6 6. Bc4 e6 7. 0-0 Be7 8. Bf4 Nbd7 9. Qe2 0-0 10. Ng5 Nd5 11. Nxd5 exd5 12. Nxh7 Kxh7 13. Qh5+ Kg8 14. Bd3 Nf6 15. Qf3 Bd6 16. Bg5 Be7 17. Rfe1 Re8 18. Qg3 Be6 19. Re3 Qd7 20. f3 Nh5 21. Qh4 Bxg5 22. Qxg5 Nf6 23. Rae1 Qd8 24. h4 Nh7 25. Qh5 g6 26. Qh6 Qf6 27. h5 Qg7 28. Qf4 gxh5 29. Re5 Kh8 30. Rxh5 Rg8 31. Rxh7+ Qxh7 32. Bxh7 Kxh7 33. Qh4+ Kg7 34. Re5 Kf8 35. Qf6 Re8 36. g4 Rg6 37. Qh8+ Rg8 38. Qh6+ Rg7 39. Rg5 Ke7 40. Rxg7 Kd6 41. Rxf7 b6 42. Rf6 Kd7 43. g5 a6 44. Rf8 Rxf8 45. Qxf8 1-0

[Event "GER-chT U12 Girls"]
[Site "Berlin"]
[Date "2022.12.27"]
[Round "3"]
[White "Wieckowicz, Bui Ha My"]
[Black "Daaboul, Dima"]
[Result "0-1"]
[WhiteElo "765"]
[BlackElo "885"]
[PlyCount "72"]
[EventDate "2022.12.26"]
[EventType "team-swiss"]
[EventRounds "7"]
[EventCountry "GER"]
[SourceTitle "CBM 212 Extra"]
[Source "ChessBase"]
[SourceDate "2023.03.31"]
[SourceVersion "1"]
[SourceVersionDate "2023.03.31"]
[SourceQuality "1"]
[WhiteTeam "Plauen Koenig"]
[BlackTeam "Porz SG"]
[WhiteTeamCountry "GER"]
[BlackTeamCountry "GER"]

1. e4 b6 2. Nf3 Bb7 3. Nc3 Nf6 4. Bc4 Nxe4 5. Nxe4 Bxe4 6. Ng5 Bg6 7. d4 e6 8. 0-0 Be7 9. Nf3 Be4 10. Be2 0-0 11. Be3 d6 12. Bd3 Bb7 13. Qe2 Re8 14. Rad1 Bh4 15. Rfe1 e5 16. c3 e4 17. Bb5 exf3 18. Bg5 fxe2 19. Bxd8 exd1Q 20. Rxd1 Rxd8 21. d5 c6 22. Bc4 Re8 23. g3 Bf6 24. Bd3 cxd5 25. Bb5 Re2 26. Bxe2 Nd7 27. Bb5 Ne5 28. b3 a6 29. Be2 b5 30. a3 Rc8 31. Rc1 d4 32. c4 d3 33. Bh5 bxc4 34. bxc4 Nxc4 35. a4 Re8 36. Rxc4 Re1# 0-1

[Event "GER-chT U12 Girls"]
[Site "Willingen"]
[Date "2022.08.15"]
[Round "5.4"]
[White "Daaboul, Dima"]
[Black "Mauhs, Helena"]
[Result "1/2-1/2"]
[WhiteElo "882"]
[BlackElo "857"]
[PlyCount "144"]
[EventDate "2022.08.13"]
[EventType "team-swiss"]
[EventRounds "7"]
[EventCountry "GER"]
[SourceTitle "EXT 2023"]
[Source "ChessBase"]
[SourceDate "2022.10.05"]
[SourceVersion "1"]
[SourceVersionDate "2022.10.05"]
[SourceQuality "1"]
[WhiteTeam "Porz SG"]
[BlackTeam "Bayern Muenchen"]
[WhiteTeamCountry "GER"]
[BlackTeamCountry "GER"]

1. e4 e5 2. Nf3 Nc6 3. d4 exd4 4. Bc4 Nf6 5. Ng5 d5 6. exd5 Nxd5 7. Qf3 Be6 8. 0-0 Ne5 9. Bxd5 Nxf3+ 10. Nxf3 Qxd5 11. Rd1 Qf5 12. Rxd4 Bc5 13. Rf4 Qxc2 14. Nbd2 Qd1+ 15. Nf1 Qe2 16. Ng5 0-0-0 17. Ne4 Bc4 18. Neg3 Rd1 19. Nxe2 Bxe2 20. g3 Rxf1+ 21. Kg2 Rd8 22. Rxf7 Rd3 23. Rf5 Bd4 24. Rf8+ Kd7 25. Rf7+ Ke6 26. Rf4 Be5 27. Re4 Re1 28. Rxe5+ Kxe5 29. Bf4+ Kf5 30. Rxe1 Bf3+ 31. Kf1 Kg4 32. Bxc7 Kh3 33. Re3 Rd1+ 34. Re1 Rxe1+ 35. Kxe1 Kxh2 36. Kd2 Kg2 37. Ke3 g5 38. Bd8 h6 39. Be7 Bd5 40. a3 a6 41. b4 b5 42. f4 gxf4+ 43. gxf4 Be6 44. Ke4 h5 45. f5 Bf7 46. Ke5 Kg3 47. Kd6 h4 48. Bxh4+ Kxh4 49. f6 Kg5 50. Ke7 Bg8 51. f7 Bxf7 52. Kxf7 Kf5 53. Ke7 Ke5 54. Kd7 Kd5 55. Kc7 Kd4 56. Kb6 Kc4 57. Kxa6 Kd5 58. Kxb5 Kd6 59. a4 Kc7 60. a5 Kb7 61. Kc5 Ka6 62. b5+ Kb7 63. a6+ Ka7 64. b6+ Kb8 65. b7 Kc7 66. Kb5 Kb8 67. Kc6 Ka7 68. b8Q+ Kxb8 69. Kb5 Ka8 70. Kb6 Kb8 71. a7+ Ka8 72. Ka5 Kxa7 1/2-1/2

[Event "GER-chT U12 Girls"]
[Site "Willingen"]
[Date "2022.08.13"]
[Round "2.4"]
[White "Daaboul, Dima"]
[Black "Guliyeva, Zahra"]
[Result "0-1"]
[WhiteElo "882"]
[BlackElo "834"]
[PlyCount "40"]
[EventDate "2022.08.13"]
[EventType "team-swiss"]
[EventRounds "7"]
[EventCountry "GER"]
[SourceTitle "EXT 2023"]
[Source "ChessBase"]
[SourceDate "2022.10.05"]
[SourceVersion "1"]
[SourceVersionDate "2022.10.05"]
[SourceQuality "1"]
[WhiteTeam "Porz SG"]
[BlackTeam "Neumuenster Agon"]
[WhiteTeamCountry "GER"]
[BlackTeamCountry "GER"]

1. e4 e5 2. Nf3 Nc6 3. d4 Nf6 4. Nc3 Ng4 5. Bc4 Bb4 6. Ng5 0-0 7. Qxg4 exd4 8. Qf5 g6 9. Qh3 h5 10. Rb1 dxc3 11. bxc3 d6 12. Qh4 Bc5 13. g4 Bxg4 14. Rg1 Ne5 15. Kf1 Qf6 16. Bd2 Nxc4 17. Nf3 Nxd2+ 18. Ke1 Nxf3+ 19. Kf1 Nxh4 20. Ke1 Qxf2# 0-1